000
00306nam a2200133Ia 4500
005
20251222140050.0
008
251222s1900||||xx |||||||||||||| ||spa||
020
_a
8834307003
082
_a
180/R31
100
_a
Reale, Giovanni
245
0
_a
Il pensiero antico
264
_b
Vita y Pensiero
942
_c
LIB
999
_c
3574
_d
3574